|
|
|
|
| LEADER |
00000nam0a2200000 4500 |
| 001 |
119258 |
| 005 |
20231101215528.0 |
| 010 |
|
|
|a 5648004869
|
| 035 |
|
|
|a (RuTPU)RU\TPU\book\129058
|
| 090 |
|
|
|a 119258
|
| 100 |
|
|
|a 20070627d1989 km y0rusy50 ca
|
| 101 |
0 |
|
|a rus
|
| 102 |
|
|
|a UZ
|
| 105 |
|
|
|a a z 001zy
|
| 200 |
1 |
|
|a Термодинамические свойства растворов привитых сополимеров
|f С. А. Ташмухамедов [и др.]
|g Ташкентский государственный университет
|
| 210 |
|
|
|a Ташкент
|c Фан
|d 1989
|
| 215 |
|
|
|a 136 с.
|c ил.
|
| 320 |
|
|
|a Библиография в конце глав.
|
| 610 |
1 |
|
|a сополимеры
|
| 610 |
1 |
|
|a растворы
|
| 610 |
1 |
|
|a термодинамические свойства
|
| 610 |
1 |
|
|a фазовое равновесие
|
| 610 |
1 |
|
|a давление
|
| 675 |
|
|
|a 678
|v 3
|
| 701 |
|
1 |
|a Ташмухамедов
|b С. А.
|g Суюнбек Айбекович
|
| 701 |
|
1 |
|a Тиллаев
|b Р. С.
|g Рахим Садыкович
|
| 701 |
|
1 |
|a Акбаров
|b Х. И.
|g Хамдам Икрамович
|
| 701 |
|
1 |
|a Хамракулов
|b Г.
|g Гафур
|
| 712 |
0 |
2 |
|a Ташкентский государственный университет
|2 stltpush
|3 (RuTPU)RU\TPU\col\10690
|9 24904
|
| 801 |
|
1 |
|a RU
|b 63413507
|c 20070627
|g PSBO
|
| 801 |
|
2 |
|a RU
|b 63413507
|c 20160729
|g PSBO
|
| 942 |
|
|
|c BK
|